000 01409nam a2200337 a 4500
001 000000222
003 OSt
005 20240501193633.0
008 081209s2008 dr 000 0 spa d
020 _a9789945162332
020 _a9945162330
040 _aDO-SdBNP
_bspa
_cBNPHU
082 _a371.3028
_bM538e, 2008
100 1 _aMéndez, Wagner,
_d1966-
_9731
245 1 0 _aEstrategias y tácticas para la excelencia académica :
_bherramientas para asegurar el éxito estudiantil y forjar el futuro profesional /
_cWagner Méndez.
250 _a2a ed.
260 _aSanto Domingo :
_bBúho,
_c2008.
300 _axxi, 222 p. ;
_c22 cm.
500 _aIncluye datos biográficos del autor en la solapa de la cubierta
505 2 _tPrólogo --
_tIntroducción --
_gPrimera parte:
_tsentando las bases para la excelencia académica --
_gSegunda parte:
_tla vida universitaria --
_gTercera parte:
_tsaliendo del entrenamiento al campo de batalla --
_tApéndice.
590 _aLa biblioteca posee dos ejemplares autografiados por el autor
590 _aInventariado,2018/DG
650 4 _aRendimiento académico
_9732
650 4 _aAptitud de aprendizaje
_9733
650 4 _aOrientación estudiantil
_9734
650 4 _aMétodos de estudio
_9735
650 0 _aEducación superior
_9736
650 4 _aEducación
_zRepública Dominicana
_9737
910 _aValidado. Control de calidad MMOLINA
942 _2ddc
_cLF1
999 _c222
_d222